[Event "18th Oscaro.com Open 2014"]
[Site "Bastia FRA"]
[Date "2014.10.19"]
[Round "7.7"]
[White "Dourerassou, Jonathan"]
[Black "Seletsky, Grigory"]
[Result "1/2-1/2"]
[WhiteTitle "IM"]
[BlackTitle "FM"]
[WhiteElo "2473"]
[BlackElo "2358"]
[WhiteFideId "628050"]
[BlackFideId "14112191"]
[EventDate "2014.10.18"]

1. e4 e6 2. d4 d5 3. Nc3 Nc6 4. Nf3 Nf6 5. Bd3 Nb4 6. Bg5 Nxd3+ 7. Qxd3 dxe4 8.
Nxe4 Be7 9. Nxf6+ Bxf6 10. Be3 Qd6 11. O-O-O Bd7 12. Kb1 O-O-O 13. Nd2 Bc6 14.
f3 Qd5 15. Qa3 a6 16. Ne4 Qf5 17. Nxf6 gxf6 18. Rhe1 Rd5 19. Bf2 Rhd8 20. Rc1
Qg6 21. g3 e5 22. dxe5 fxe5 23. Qc3 Qd6 24. b3 b6 25. Kb2 Kb7 26. Re2 f6 27. Be3
Ra5 28. a4 Rd5 29. f4 a5 30. fxe5 fxe5 31. Rce1 Rd1 32. Bg5 Rxe1 33. Rxe1 Re8
34. Re2 Qb4 35. Qxb4 axb4 36. Bd2 Bf3 37. Re3 e4 38. Bxb4 Rd8 39. Re1 h5 40. Bc3
c5 41. Kc1 Ka6 42. Bd2 b5 43. axb5+ Kxb5 44. Bg5 Rg8 45. Be3 c4 46. Kb2 Ra8 47.
Rb1 cxb3 48. Kxb3 Kc6 49. Kc4 Ra4+ 50. Kc3 Ra3+ 51. Kd4 Ra4+ 52. Ke5 Ra2 53. Rc1
Ra5+ 54. Kf4 Ra8 55. c4 Rf8+ 56. Ke5 Re8+ 57. Kf6 Rf8+ 58. Ke7 Ra8 59. Rc2 Ra3
60. Bc1 Rd3 61. Rd2 Rc3 62. Rd6+ Kc5 63. Bf4 e3 64. Re6 e2 65. Kf6 Rxc4 66. Kg5
Ra4 67. Bd2 Ra1 68. Re3 Rd1 69. Ba5 Bg4 70. h3 Bxh3 71. Rxe2 Bg4 72. Re8 Rd3 73.
Bc7 Kc6 74. Bf4 Kb5 75. Re5+ Kc4 76. Re4+ Kc5 77. Re5+ Rd5 78. Rxd5+ Kxd5 79.
Kf6 Ke4 80. Kg5 Kf3 81. Kf6 h4 82. gxh4 Kxf4 83. h5 Bxh5 1/2-1/2

[Event "18th Oscaro.com Open 2014"]
[Site "Bastia FRA"]
[Date "2014.10.19"]
[Round "7.8"]
[White "Saric, Ivan"]
[Black "Humeau, Cyril"]
[Result "1-0"]
[WhiteTitle "GM"]
[BlackTitle "FM"]
[WhiteElo "2678"]
[BlackElo "2307"]
[WhiteFideId "14508150"]
[BlackFideId "624748"]
[EventDate "2014.10.18"]

1. e4 c5 2. Nf3 Nc6 3. Bb5 Nd4 4. Nxd4 cxd4 5. c3 Qb6 6. Ba4 g6 7. cxd4 Bg7 8.
d5 Bxb2 9. Bxb2 Qxb2 10. Nc3 Nf6 11. e5 Nh5 12. Rb1 Qa3 13. Nb5 Qxa2 14. Nc7+
Kd8 15. Bb3 Qxb1 16. Qxb1 Kxc7 17. O-O b6 18. Rc1+ Kd8 19. Qc2 e6 20. d6 Ba6 21.
Qc7+ Ke8 22. Ra1 Rc8 23. Qxa7 Bb5 24. Qc7 1-0

[Event "18th Oscaro.com Open 2014"]
[Site "Bastia FRA"]
[Date "2014.10.19"]
[Round "8.1"]
[White "Fedorchuk, Sergey A."]
[Black "Kovalenko, Igor"]
[Result "1/2-1/2"]
[WhiteTitle "GM"]
[BlackTitle "GM"]
[WhiteElo "2673"]
[BlackElo "2650"]
[WhiteFideId "14102536"]
[BlackFideId "14117908"]
[EventDate "2014.10.18"]

1. e4 c6 2. Nc3 d5 3. Nf3 Nf6 4. e5 Ne4 5. Be2 Bf5 6. Nh4 Bd7 7. O-O e6 8. g3
Be7 9. Ng2 Nxc3 10. bxc3 c5 11. d4 Nc6 12. Nf4 Qc7 13. Nh5 Rg8 14. Bd3 O-O-O 15.
Be3 c4 16. Be2 f5 17. h4 Be8 18. Qd2 Bxh5 19. Bxh5 Rdf8 20. Kg2 Ba3 21. Rab1 Kb8
22. Rh1 a6 23. Bf4 Ka7 24. Be2 b5 25. Qe3 Ka8 26. Bf3 Qd7 27. Qd2 Rb8 28. Be3
Ka7 29. Be2 a5 30. h5 Ka6 31. Rh4 Rb7 32. g4 Qd8 33. Rh3 Rf7 34. gxf5 exf5 35.
Rg3 Qd7 36. Bg5 Rgf8 37. Qf4 Qe6 38. Kh1 Rb8 39. Kg2 Rbf8 40. Kh1 Rb8 41. Kg2
Rbf8 42. Kh1 1/2-1/2

[Event "18th Oscaro.com Open 2014"]
[Site "Bastia FRA"]
[Date "2014.10.19"]
[Round "8.2"]
[White "Horvath, Adam1"]
[Black "Tregubov, Pavel V."]
[Result "1/2-1/2"]
[WhiteTitle "GM"]
[BlackTitle "GM"]
[WhiteElo "2539"]
[BlackElo "2607"]
[WhiteFideId "708003"]
[BlackFideId "4115341"]
[EventDate "2014.10.18"]

1. e4 c5 2. Nf3 e6 3. d4 cxd4 4. Nxd4 Nc6 5. Nc3 Nf6 6. Ndb5 Bb4 7. a3 Bxc3+ 8.
Nxc3 d5 9. exd5 exd5 10. Bd3 O-O 11. O-O d4 12. Ne2 Bg4 13. h3 Bxe2 14. Qxe2 Re8
15. Qf3 Qb6 16. Qg3 Ne5 17. Bg5 Nxd3 18. Bxf6 Qxf6 19. Qxd3 Rac8 20. Rfe1 g6 21.
Rad1 Rxe1+ 22. Rxe1 Qb6 23. b4 Rc3 24. Re8+ Kg7 25. Qe4 Qd6 26. g3 Rxa3 27. Qxb7
Ra1+ 28. Kh2 Qf6 29. Kg2 Qa6 30. Qxa6 Rxa6 31. Rd8 Rc6 32. Rxd4 Rxc2 33. Rd7 Rb2
34. Rxa7 Rxb4 35. h4 h5 36. Kg1 Kg8 37. Kg2 Kg7 38. Kg1 Kg8 1/2-1/2

[Event "18th Oscaro.com Open 2014"]
[Site "Bastia FRA"]
[Date "2014.10.19"]
[Round "8.3"]
[White "Ruck, Robert"]
[Black "Kravtsiv, Martyn"]
[Result "1/2-1/2"]
[WhiteTitle "GM"]
[BlackTitle "GM"]
[WhiteElo "2568"]
[BlackElo "2563"]
[WhiteFideId "705713"]
[BlackFideId "14113147"]
[EventDate "2014.10.18"]

1. Nf3 Nf6 2. c4 e6 3. Nc3 Bb4 4. Qc2 O-O 5. a3 Bxc3 6. Qxc3 b6 7. b4 Bb7 8. Bb2
d6 9. e3 Nbd7 10. Be2 c5 11. O-O Qe7 12. d4 Ne4 13. Qd3 f5 14. Nd2 Rac8 15. f3
Nxd2 16. Qxd2 Rfd8 17. Rfd1 Nf6 18. dxc5 bxc5 19. bxc5 Rxc5 20. Bd4 Rc6 21. Bxa7
Ba6 22. Bd4 Bxc4 23. Bxc4 Rxc4 24. a4 Rdc8 25. Rdc1 e5 26. Bb6 d5 27. a5 Qb7 28.
Qb2 Nd7 29. Rd1 h6 30. Qb5 R4c5 31. Qb1 Nxb6 32. axb6 Rb8 33. Qxf5 Qxb6 34. Qxe5
Qb2 35. Qxb2 Rxb2 36. Rab1 Ra2 37. Rb4 Re2 38. Rg4 Rxe3 39. Kf2 Re5 40. Rgd4
Rc2+ 41. R1d2 Rxd2+ 42. Rxd2 Kf7 43. f4 Re4 44. Rxd5 Rxf4+ 45. Ke3 Ra4 46. Kf3
Ra3+ 47. Kf2 Ra2+ 48. Kf3 Ra3+ 49. Kf2 Ra2+ 50. Kf3 Ra3+ 51. Ke4 1/2-1/2

[Event "18th Oscaro.com Open 2014"]
[Site "Bastia FRA"]
[Date "2014.10.19"]
[Round "8.4"]
[White "Dimitrov, Radoslav"]
[Black "Saric, Ivan"]
[Result "1/2-1/2"]
[WhiteTitle "IM"]
[BlackTitle "GM"]
[WhiteElo "2445"]
[BlackElo "2678"]
[WhiteFideId "2908549"]
[BlackFideId "14508150"]
[EventDate "2014.10.18"]

1. c4 e5 2. Nc3 Bb4 3. Nd5 Bc5 4. Nf3 c6 5. Nc3 d6 6. d4 exd4 7. Nxd4 Nf6 8. g3
d5 9. cxd5 Nxd5 10. Bg2 Nxc3 11. bxc3 O-O 12. O-O Na6 13. Rb1 Bb6 14. Bf4 Nc5
15. h3 Qf6 16. e4 Ne6 17. Bd6 Rd8 18. e5 Qg6 19. Kh2 Nxd4 20. cxd4 Bf5 21. Rb2
Be4 22. f3 Bd5 23. f4 Bxg2 24. f5 Qxd6 25. exd6 Bxf1 26. Qxf1 Rxd6 27. Qe1 Rxd4
28. Qe7 Rad8 29. Qxb7 c5 30. h4 g6 31. f6 R4d6 32. Qe7 Re6 33. Qb7 Rxf6 34. a4
c4 35. Rc2 h5 36. Rxc4 Rd2+ 37. Kh3 Rff2 38. Qh1 Bd4 39. Rc8+ Kg7 40. Rd8 Rfe2
41. a5 Re3 42. Qg1 Red3 43. Qf1 Rxg3+ 44. Kxg3 Be5+ 45. Kf3 Rxd8 46. Qc4 Rd4 47.
Qc5 Rf4+ 48. Ke2 Bd4 49. Qe7 Rf5 50. Kd3 Bf2 51. Ke2 Bc5 52. Qc7 Bb4 53. a6 Bc5
54. Kd3 Bf2 55. Qe7 Rf6 56. Qb7 Bb6 57. Kc4 Rf4+ 58. Kb5 Rf5+ 59. Kb4 g5 60.
hxg5 Rxg5 61. Qc8 h4 62. Qc3+ Kg6 63. Qh3 f5 64. Kb5 f4+ 65. Kc6 Rc5+ 66. Kd6
Rh5 67. Qg4+ Rg5 68. Qxh4 f3 69. Qe4+ Kf6 70. Qxf3+ Rf5 71. Qg4 Ra5 72. Qe6+ Kg5
73. Qc4 Kf5 74. Kc6 Rc5+ 75. Qxc5+ Bxc5 76. Kxc5 Ke6 77. Kc6 Ke7 78. Kc7 Ke8 79.
Kb7 Kd7 80. Kxa7 Kc7 81. Ka8 Kc8 82. Ka7 Kc7 83. Ka8 Kc8 84. Ka7 Kc7 1/2-1/2

[Event "18th Oscaro.com Open 2014"]
[Site "Bastia FRA"]
[Date "2014.10.19"]
[Round "8.5"]
[White "Swiercz, Dariusz"]
[Black "Koziak, Vitali"]
[Result "1-0"]
[WhiteTitle "GM"]
[BlackTitle "IM"]
[WhiteElo "2614"]
[BlackElo "2456"]
[WhiteFideId "1126881"]
[BlackFideId "14102234"]
[EventDate "2014.10.18"]

1. Nf3 Nf6 2. c4 e6 3. g3 d5 4. Bg2 Be7 5. O-O O-O 6. Qc2 c5 7. d4 cxd4 8. Nxd4
Nc6 9. Nxc6 bxc6 10. b3 a5 11. Nc3 Ba6 12. Rd1 Qb8 13. Na4 Rd8 14. Be3 Nd7 15.
Rac1 Qb7 16. Bd2 Bb4 17. Bg5 Rdc8 18. Rb1 Nb6 19. Nb2 Qc7 20. Be3 Nd7 21. Na4 h6
22. Bf4 Qa7 23. e4 dxc4 24. bxc4 e5 25. Be3 Qc7 26. Bh3 Rd8 27. Bxd7 Rxd7 28.
Rxd7 Qxd7 29. Nb6 Qd8 30. Nxa8 Qxa8 31. c5 Qe8 32. Qb3 Qd7 33. a3 Be2 34. axb4
Qg4 35. f3 Bxf3 36. Rf1 Kh7 37. Qxf7 Bxe4 38. bxa5 Qe2 39. Qf2 Qg4 40. a6 Kg6
41. a7 Bd5 42. Qf5+ Qxf5 43. Rxf5 1-0

[Event "18th Oscaro.com Open 2014"]
[Site "Bastia FRA"]
[Date "2014.10.19"]
[Round "8.6"]
[White "Dimitrov, Pavel"]
[Black "Dourerassou, Jonathan"]
[Result "0-1"]
[WhiteTitle "IM"]
[BlackTitle "IM"]
[WhiteElo "2331"]
[BlackElo "2473"]
[WhiteFideId "2907470"]
[BlackFideId "628050"]
[EventDate "2014.10.18"]

1. e4 c5 2. b4 d6 3. bxc5 dxc5 4. Nc3 Nc6 5. f4 e5 6. Nf3 exf4 7. Bc4 Be7 8. O-O
Nf6 9. d3 Nd4 10. Ne5 Be6 11. Bxf4 Bxc4 12. Nxc4 O-O 13. a4 b6 14. Kh1 Qd7 15.
h3 Qe6 16. Ne3 Rad8 17. Ncd5 Nxd5 18. Nxd5 f5 19. c3 Nc6 20. Qb3 Kh8 21. Rae1
fxe4 22. c4 Nd4 23. Qd1 Bd6 24. Rxe4 Qg6 25. Bxd6 Qxd6 26. Rfe1 Nf5 27. Kg1 Qh6
28. Qg4 Qd2 29. Qe2 Qg5 30. Qg4 Qd2 31. Qe2 Qxe2 32. R4xe2 h6 33. Re5 Kh7 34.
Kh2 Rd7 35. Re8 Rff7 36. R1e5 Nd4 37. Ra8 Rf2 38. Ree8 Kg6 39. Rf8 Rxf8 40. Rxf8
Nc6 41. Re8 Nb4 42. Nf4+ Kf5 43. Re4 Nxd3 44. Nxd3 Rxd3 45. Re7 g6 46. Rxa7 Rd4
47. Rb7 Rxc4 48. Rxb6 Rxa4 49. Rb5 Rc4 50. Kg3 Rc3+ 51. Kf2 Rc2+ 52. Kf1 h5 53.
Ra5 g5 54. Ra8 Kf4 55. Rf8+ Kg3 56. Rf3+ Kh2 57. g4 h4 58. Re3 c4 59. Rf3 c3 60.
Re3 Rc1+ 61. Ke2 Kg2 62. Kd3 Rh1 63. Re5 Rxh3+ 64. Kc2 Rg3 65. Rxg5 h3 66. Rh5
Rxg4 67. Kxc3 h2 68. Kd3 h1=Q 69. Rxh1 Kxh1 70. Ke3 Kg2 71. Kd3 Kf3 0-1

[Event "18th Oscaro.com Open 2014"]
[Site "Bastia FRA"]
[Date "2014.10.19"]
[Round "8.7"]
[White "Seletsky, Grigory"]
[Black "Balogh, Csaba"]
[Result "0-1"]
[WhiteTitle "FM"]
[BlackTitle "GM"]
[WhiteElo "2358"]
[BlackElo "2660"]
[WhiteFideId "14112191"]
[BlackFideId "718939"]
[EventDate "2014.10.18"]

1. e4 c5 2. Nf3 e6 3. c3 d5 4. exd5 Qxd5 5. Qb3 Nf6 6. Qxd5 Nxd5 7. d4 Nc6 8.
dxc5 Bxc5 9. Nbd2 Ke7 10. Nb3 Bb6 11. Bc4 Rd8 12. O-O Nf6 13. h3 Bd7 14. Re1
Rac8 15. Bf1 Nd5 16. Bg5+ f6 17. Bh4 g5 18. Bg3 e5 19. Bd3 h5 20. h4 g4 21. Nfd4
Kf7 22. Nf5 Be6 23. Be4 Rd7 24. Nh6+ Kg7 25. Nf5+ Kf8 26. Kh2 Nde7 27. Nxe7 Nxe7
28. Rad1 Rxd1 29. Rxd1 f5 30. Bxb7 Rb8 31. Bxe5 Rxb7 32. Kg3 Ng6 33. Bd6+ Kf7
34. Nd4 Bxd4 35. Rxd4 Rxb2 36. a3 Rc2 37. Bb4 f4+ 38. Kh2 Rxf2 39. Kg1 Rc2 40.
Rd8 g3 41. Kf1 Bc4+ 42. Ke1 Rxg2 43. Rd7+ Ke6 44. Rxa7 Ne5 45. Re7+ Kf5 46. Bd6
Nf3+ 47. Kd1 Rd2+ 48. Kc1 Rxd6 0-1

[Event "18th Oscaro.com Open 2014"]
[Site "Bastia FRA"]
[Date "2014.10.19"]
[Round "8.8"]
[White "Edouard, Romain"]
[Black "Mihalj, Miroslav M"]
[Result "1-0"]
[WhiteTitle "GM"]
[BlackTitle "FM"]
[WhiteElo "2659"]
[BlackElo "2226"]
[WhiteFideId "633429"]
[BlackFideId "914495"]
[EventDate "2014.10.18"]

1. d4 Nf6 2. c4 g6 3. g3 Bg7 4. Bg2 d5 5. cxd5 Nxd5 6. Nf3 O-O 7. O-O c6 8. e4
Nc7 9. Nc3 Bg4 10. Be3 Nd7 11. Qb3 Qc8 12. h3 Bxf3 13. Bxf3 Ne6 14. Rad1 h6 15.
d5 Ng5 16. Bg4 c5 17. h4 Nh7 18. Bh3 Nhf6 19. e5 Nh5 20. e6 fxe6 21. Bxe6+ Kh7
22. d6 exd6 23. Rxd6 Nhf6 24. Rfd1 Rd8 25. Qa4 b5 26. Nxb5 Qb7 27. Nc3 Nb6 28.
Qc6 Qxc6 29. Rxc6 Rxd1+ 30. Nxd1 Re8 31. Nc3 c4 32. Bxc4 Ng4 33. Bf7 1-0

[Event "18th Oscaro.com Open 2014"]
[Site "Bastia FRA"]
[Date "2014.10.19"]
[Round "9.1"]
[White "Tregubov, Pavel V."]
[Black "Fedorchuk, Sergey A."]
[Result "1/2-1/2"]
[WhiteTitle "GM"]
[BlackTitle "GM"]
[WhiteElo "2607"]
[BlackElo "2673"]
[WhiteFideId "4115341"]
[BlackFideId "14102536"]
[EventDate "2014.10.18"]

1. d4 Nf6 2. c4 e6 3. Nf3 Bb4+ 4. Bd2 Bxd2+ 5. Qxd2 d5 6. e3 O-O 7. Nc3 Qe7 8.
Rc1 dxc4 9. Bxc4 c5 10. O-O Nc6 11. Rfd1 Rd8 12. Qe2 cxd4 13. Nxd4 Bd7 14. Nxc6
Bxc6 15. h3 Rxd1+ 16. Rxd1 Rd8 17. a3 h6 18. Rxd8+ Qxd8 19. Qd3 Qxd3 20. Bxd3
Nd5 21. Nxd5 Bxd5 22. f4 Kf8 23. e4 Bc6 24. Kf2 Ke7 25. Ke3 Kd6 26. Kd4 f6 27.
e5+ fxe5+ 28. fxe5+ Ke7 29. g3 Kd7 30. h4 Ke7 31. b4 Kd7 32. Be2 Kc7 33. Bc4 Kd7
34. Bd3 Kc7 35. Bc4 Kd7 36. Bd3 Kc7 37. Bc4 Kd7 1/2-1/2

[Event "18th Oscaro.com Open 2014"]
[Site "Bastia FRA"]
[Date "2014.10.19"]
[Round "9.2"]
[White "Kovalenko, Igor"]
[Black "Horvath, Adam1"]
[Result "1-0"]
[WhiteTitle "GM"]
[BlackTitle "GM"]
[WhiteElo "2650"]
[BlackElo "2539"]
[WhiteFideId "14117908"]
[BlackFideId "708003"]
[EventDate "2014.10.18"]

1. d4 Nf6 2. Nf3 e6 3. e3 b6 4. Bd3 Bb7 5. O-O Be7 6. c4 c5 7. Nc3 cxd4 8. exd4
d5 9. cxd5 Nxd5 10. Ne5 O-O 11. Qg4 Nf6 12. Qh4 Ne4 13. Qh3 Qxd4 14. Bf4 Nf6 15.
Ne2 Qa4 16. Rfc1 Na6 17. Rc4 Qa5 18. Nd7 Rfd8 19. Nxf6+ Bxf6 20. Qxh7+ Kf8 21.
Ng3 Qd5 22. Bf1 Ke7 23. Re1 Rh8 24. Qc2 Rhc8 25. b3 Nb4 26. Qb1 Rxc4 27. bxc4
Qc5 28. Nf5+ 1-0

[Event "18th Oscaro.com Open 2014"]
[Site "Bastia FRA"]
[Date "2014.10.19"]
[Round "9.3"]
[White "Kravtsiv, Martyn"]
[Black "Swiercz, Dariusz"]
[Result "1/2-1/2"]
[WhiteTitle "GM"]
[BlackTitle "GM"]
[WhiteElo "2563"]
[BlackElo "2614"]
[WhiteFideId "14113147"]
[BlackFideId "1126881"]
[EventDate "2014.10.18"]

1. e4 c5 2. Nf3 e6 3. d4 cxd4 4. Nxd4 a6 5. Be2 Nf6 6. Nc3 Qc7 7. O-O Bc5 8. Bg5
Nc6 9. Nxc6 bxc6 10. Bd3 Be7 11. Qe2 d5 12. Bxf6 Bxf6 13. exd5 Bxc3 14. d6 Qxd6
15. bxc3 O-O 16. Rab1 Qc5 17. Qe3 Qxe3 18. fxe3 a5 19. Rb6 Bd7 20. Rb7 Rfd8 21.
Rfb1 Be8 22. Kf2 g6 23. Rc7 Kg7 24. Ke2 Kf6 25. Be4 Ra6 26. Bd3 Raa8 27. Be4 Ra6
28. Bd3 Raa8 29. Be4 Ra6 30. Bd3 Raa8 1/2-1/2

[Event "18th Oscaro.com Open 2014"]
[Site "Bastia FRA"]
[Date "2014.10.19"]
[Round "9.4"]
[White "Dourerassou, Jonathan"]
[Black "Ruck, Robert"]
[Result "1/2-1/2"]
[WhiteTitle "IM"]
[BlackTitle "GM"]
[WhiteElo "2473"]
[BlackElo "2568"]
[WhiteFideId "628050"]
[BlackFideId "705713"]
[EventDate "2014.10.18"]

1. e4 c6 2. d4 d5 3. Nc3 dxe4 4. Nxe4 Bf5 5. Ng3 Bg6 6. Nf3 Nd7 7. h4 h6 8. h5
Bh7 9. Bd3 Bxd3 10. Qxd3 e6 11. Bf4 Qa5+ 12. Bd2 Bb4 13. c3 Be7 14. c4 Qa6 15.
O-O Ngf6 16. Rfe1 O-O 17. Nf5 exf5 18. Rxe7 Rfe8 19. Rae1 Rxe7 20. Rxe7 Rd8 21.
Qb3 Re8 22. Rxe8+ Nxe8 23. Nh4 Nd6 24. Bf4 Ne4 25. Nxf5 Qa5 26. Ne7+ Kf8 27. Qe3
Ndf6 28. Nc8 Qxa2 29. f3 Qb1+ 30. Qc1 Qxc1+ 31. Bxc1 Ng3 32. Kf2 Nf5 33. Be3 a6
34. g4 Ne7 35. Nd6 b5 36. b3 Ne8 37. Ne4 bxc4 38. bxc4 f5 39. Nc5 fxg4 40. fxg4
Nd6 41. g5 hxg5 42. Bxg5 Nef5 43. d5 cxd5 44. cxd5 a5 45. Bd2 Ne7 46. Bxa5 Nxd5
47. Kf3 Nf6 48. Bc3 Nxh5 49. Ne6+ Kf7 50. Nxg7 Nxg7 51. Bxg7 Kxg7 1/2-1/2

[Event "18th Oscaro.com Open 2014"]
[Site "Bastia FRA"]
[Date "2014.10.19"]
[Round "9.5"]
[White "Meszaros, Tamas"]
[Black "Dimitrov, Radoslav"]
[Result "1-0"]
[WhiteTitle "IM"]
[BlackTitle "IM"]
[WhiteElo "2424"]
[BlackElo "2445"]
[WhiteFideId "717410"]
[BlackFideId "2908549"]
[EventDate "2014.10.18"]

1. Nf3 c5 2. e4 Nc6 3. Bb5 e6 4. O-O Nge7 5. c3 a6 6. Ba4 b5 7. Bc2 Bb7 8. Qe2
d5 9. e5 d4 10. Be4 Nd5 11. d3 dxc3 12. bxc3 Be7 13. c4 Nb6 14. Nc3 b4 15. Bxc6+
Bxc6 16. Ne4 Qc7 17. Bf4 Qb7 18. Nfd2 O-O 19. Qg4 Kh8 20. Rae1 Nd7 21. Re3 f5
22. exf6 Nxf6 23. Nxf6 Rxf6 24. Nf3 Raf8 25. Bg3 Rg6 26. Qh5 Rf5 27. Qh3 Bxf3
28. gxf3 Qc6 29. Rfe1 h6 30. Qg2 Rgf6 31. Be5 Rg5 32. Bg3 Kh7 33. f4 Qxg2+ 34.
Kxg2 Rgg6 35. f5 Rxf5 36. Rxe6 Bf6 37. Rxa6 h5 38. h4 Rg4 39. Re4 Bd4 40. f3 Rg6
41. Rxg6 Kxg6 42. Re6+ Kh7 43. f4 Rf7 44. Kf3 Ra7 45. Re2 Ra3 46. Ke4 Kg6 47.
f5+ Kf7 48. Bd6 Kf6 49. Rg2 Kf7 50. Rd2 Kf6 51. Kd5 Bc3 52. Rg2 Ba1 53. Bxc5
Rxd3+ 54. Kc6 Bc3 55. Kb5 Rd8 56. Bb6 Rb8 57. c5 Kxf5 58. c6 Bd4 59. Rg5+ Ke6
60. Rg6+ Kf7 61. c7 Rc8 62. Rc6 Be5 63. Ka6 Bxc7 64. Rxc7+ Rxc7 65. Bxc7 Ke6 66.
Kb5 Kf5 67. Bd8 1-0

[Event "18th Oscaro.com Open 2014"]
[Site "Bastia FRA"]
[Date "2014.10.19"]
[Round "9.6"]
[White "Saric, Ivan"]
[Black "Massoni, Michael"]
[Result "1-0"]
[WhiteTitle "GM"]
[BlackTitle "IM"]
[WhiteElo "2678"]
[BlackElo "2338"]
[WhiteFideId "14508150"]
[BlackFideId "654213"]
[EventDate "2014.10.18"]

1. e4 c5 2. Nf3 e6 3. g3 Nc6 4. Bg2 Qc7 5. O-O Nf6 6. Qe2 d6 7. c3 Be7 8. d4
cxd4 9. cxd4 d5 10. e5 Ne4 11. Be3 f6 12. exf6 Bxf6 13. Nbd2 Nxd2 14. Qxd2 O-O
15. Rac1 Qb6 16. h4 Bd7 17. Ne5 Bxe5 18. dxe5 Qa6 19. Bc5 Rf5 20. f4 Qxa2 21.
Ra1 Qb3 22. Ra3 Qb5 23. Rc1 Nd8 24. Bf1 1-0

[Event "18th Oscaro.com Open 2014"]
[Site "Bastia FRA"]
[Date "2014.10.19"]
[Round "9.7"]
[White "Balogh, Csaba"]
[Black "Boursier, Julien"]
[Result "1-0"]
[WhiteTitle "GM"]
[WhiteElo "2660"]
[BlackElo "2072"]
[WhiteFideId "718939"]
[BlackFideId "627127"]
[EventDate "2014.10.18"]

1. e4 e6 2. d4 d5 3. Nd2 dxe4 4. Nxe4 Nd7 5. Nf3 Ngf6 6. Bd3 Be7 7. O-O O-O 8.
Qe2 b6 9. Nxf6+ Nxf6 10. Bf4 Bb7 11. Rad1 Nh5 12. Bc1 Qd5 13. c4 Qa5 14. a3 Nf6
15. Ne5 c5 16. Bc2 Rfd8 17. Bd2 Qa6 18. Bc3 cxd4 19. Bxd4 Bc5 20. Bc3 Rac8 21.
Rfe1 Bd6 22. Nxf7 Kxf7 23. Qxe6+ Kf8 24. Bxf6 gxf6 25. Qxf6+ Kg8 26. Rxd6 Rxd6
27. Bxh7+ Kxh7 28. Re7+ 1-0

[Event "18th Oscaro.com Open 2014"]
[Site "Bastia FRA"]
[Date "2014.10.19"]
[Round "9.8"]
[White "Brethes, Francois"]
[Black "Edouard, Romain"]
[Result "0-1"]
[BlackTitle "GM"]
[WhiteElo "2276"]
[BlackElo "2659"]
[WhiteFideId "634522"]
[BlackFideId "633429"]
[EventDate "2014.10.18"]

1. d4 Nf6 2. Nc3 e6 3. e4 d5 4. e5 Nfd7 5. f4 c5 6. Nf3 Nc6 7. Be3 Be7 8. Qd2
O-O 9. dxc5 Nxc5 10. O-O-O a6 11. h4 b5 12. Bd3 b4 13. Ne2 a5 14. Ned4 Nxd4 15.
Nxd4 Qc7 16. Kb1 Ba6 17. Rc1 Rfc8 18. h5 a4 19. g4 b3 20. a3 bxc2+ 21. Bxc2 Qb7
22. Ka1 Rcb8 23. Bb1 Bc4 24. Rh2 Nb3+ 25. Nxb3 axb3 26. Qd4 Qa6 27. Rxc4 dxc4
28. Qe4 Bxa3 29. Qxh7+ Kf8 30. Ba2 Bb4 0-1